| 000 | 00362 a2200109 4500 | ||
|---|---|---|---|
| 001 | ART_10688 | ||
| 005 | 20260410161831.0 | ||
| 008 | 260409a | ||
| 245 | 1 | 0 | _aLa Argentina frente al Acuerdo de Libre Comercio de las Américas |
| 100 | 1 | _aJacobo, Alejandro D. | |
| 773 | 0 |
_tActualidad Económica _g- Año XIV, Nº 55 (ene./dic. 2004) _wREV5083 |
|
| 999 |
_c23203 _d23203 |
||